When melody was queen-v.2 / (Record no. 46537)

MARC details
000 -LEADER
fixed length control field 01005njm a22002897a 4500
005 - DATE AND TIME OF LATEST TRANSACTION
control field 20100917150151.0
007 - PHYSICAL DESCRIPTION FIXED FIELD--GENERAL INFORMATION
fixed length control field sd ammalaaahaa
008 - FIXED-LENGTH DATA ELEMENTS--GENERAL INFORMATION
fixed length control field 100913t xxu||||| |||| 00| 0 hin d
028 ## - PUBLISHER NUMBER
Publisher number ECLP 5674
Source EMI
035 ## - SYSTEM CONTROL NUMBER
System control number GR-03151
040 ## - CATALOGING SOURCE
Original cataloging agency SED
Transcribing agency SED
100 ## - MAIN ENTRY--PERSONAL NAME
Personal name Noor Jehan
9 (RLIN) 1184
245 ## - TITLE STATEMENT
Title When melody was queen-v.2 /
Statement of responsibility, etc by Noor Jehan...[et.al]
Medium [sound recording] :
260 ## - PUBLICATION, DISTRIBUTION, ETC. (IMPRINT)
Place of publication, distribution, etc Dum Dum India
Name of publisher, distributor, etc EMI
Date of publication, distribution, etc 1980
300 ## - PHYSICAL DESCRIPTION
Extent 1 sound disc [Gramophone record] :
Other physical details analog, 33 1/3 rpm
Dimensions 12.5 in. (LP)
Type of unit Gramophone Record
440 ## - SERIES STATEMENT/ADDED ENTRY--TITLE
Title v.2
9 (RLIN) 20552
500 ## - GENERAL NOTE
General note Brief Record
500 ## - GENERAL NOTE
General note Record label :EMI, Red
505 ## - FORMATTED CONTENTS NOTE
Formatted contents note Side-1 (Aaja Tujhe Afsana) (Mirza Saheeb) Side-2 (Chhup gaya koi re) (Chammpakali) (Lata Mangeshkar)
600 ## - SUBJECT ADDED ENTRY--PERSONAL NAME
9 (RLIN) 19992
Source of heading or term Noor Jehan
650 ## - SUBJECT ADDED ENTRY--TOPICAL TERM
Topical term or geographic name as entry element Hindi Film Songs
General subdivision Excerpts
Geographic subdivision India
9 (RLIN) 19603
650 ## - SUBJECT ADDED ENTRY--TOPICAL TERM
Topical term or geographic name as entry element Melody
9 (RLIN) 20545
650 ## - SUBJECT ADDED ENTRY--TOPICAL TERM
9 (RLIN) 20524
700 ## - ADDED ENTRY--PERSONAL NAME
9 (RLIN) 20517
942 ## - ADDED ENTRY ELEMENTS (KOHA)
Source of classification or shelving scheme Dewey Decimal Classification
Item type Gramaphone Records
Holdings
Withdrawn status Lost status Source of classification or shelving scheme Damaged status Not for loan Collection code Home library Current library Date acquired Source of acquisition Total Checkouts Barcode Date last seen Copy number Price effective from Koha item type
    Dewey Decimal Classification   Not For Loan Non-fiction Central Library Central Library 17/09/2010 SED/VEN   GR-03151 17/09/2010 1 17/09/2010 Gramaphone Records

© Delhi Public Library
Hit Counter
free hit counter